• 首页
  • 本馆介绍
  • 公告通知
  • 最新文献
  • 馆藏检索
  • 电子资源
  • 读者导购
  • 参考咨询
  • 我的图书馆
  • 登录
  • 详细信息显示
  • 放入我的书架
  • 预约/预借图书
  • 作者相关作品
  • 分类相关作品
  • 丛书相关作品
  • 出版社相关作品

书目信息

  • 表格格式
  • 工作单格式
  • 卡片格式
题名:
环境监测设计与优化方法
    
 
作者: 江志华 , 叶海仁 编著
分册:  
出版信息: 北京   海洋出版社  2016.10
页数: 149页
开本: 26cm
丛书名:
单 册:
中图分类: X83
科图分类:
主题词: 环境监测
电子资源:
ISBN: 978-7-5027-9599-3
000 00950nam0 2200229 450
001 4414
005 20181012084710.94
010    @a978-7-5027-9599-3@dCNY45.00
100    @a20170328d2016 em y0chiy50 ea
101 0  @achi
102    @aCN@b110000
105    @ay z 000yy
200 1  @a环境监测设计与优化方法@9huan jing jian ce she ji yu you hua fang fa@f江志华,叶海仁编著
210    @a北京@c海洋出版社@d2016.10
215    @a149页@d26cm
330    @a本书根据当前环境监测的实际需求,以环境统计学原理为基础,全面阐述环境监测设计与优化的原理、程序和方法,提出了一套完整的环境监测设计与优化标准操作程序,系统地论述了环境监测边界、监测参数、采样站点、采样时间频率等的设计与优化方法、分析每种方法的适用范围、优势、限制和操作方法,提出了环境监测设计的文件说明格式。
606 0  @a环境监测
690    @aX83@v5
701  0 @a江志华@9jiang zhi hua@4编著
701  0 @a叶海仁@9ye hai ren@4编著
801  0 @aCN@b91MARC@c20170328
905    @aMuseLib@dX83@e276
    
    环境监测设计与优化方法/江志华,叶海仁编著.-北京:海洋出版社,2016.10
    149页;26cm
    
    
    ISBN 978-7-5027-9599-3:CNY45.00
    本书根据当前环境监测的实际需求,以环境统计学原理为基础,全面阐述环境监测设计与优化的原理、程序和方法,提出了一套完整的环境监测设计与优化标准操作程序,系统地论述了环境监测边界、监测参数、采样站点、采样时间频率等的设计与优化方法、分析每种方法的适用范围、优势、限制和操作方法,提出了环境监测设计的文件说明格式。
●
相关链接 在E读中查询图书 在五车中查询图书 在当当中查询图书 在豆瓣中查询图书


正题名:环境监测设计与优化方法     索取号:X83/276         预约/预借

序号 登录号 条形码 馆藏地/架位号 状态 备注
1 1124986   211249861   第二样本阅览室/ [索取号:X83/276] 在馆    
2 1124987   211249870   第三借阅区/ [索取号:X83/276] 在馆    
3 1124988   211249889   第三借阅区/ [索取号:X83/276] 在馆    
4 1124989   211249898   第三借阅区/ [索取号:X83/276] 在馆    
5 1124990   211249905   第三借阅区/ [索取号:X83/276] 在馆    
唐山师范学院图书馆 欢迎您!
大连网信软件有限公司© 版权所有